00621nam a2200181Ia 4500008004100000020001500041082001800056100001900074245003200093260002700125300001200152500002400164650001500188942000700203952010700210952010700317999001500424230524s9999 xx 000 0 und d a8125910379 a612.3812bSIV aS.N.Sivanandam 0aControl Systems Engineering aNEW DELHIbVikasc2003 aXVI;350 aQuantity Number: 2 aElectrical cBK 00104070aTATCLbTATCLcGENd2023-05-24l0o612.3812 SIVp6523r2023-05-24w2023-05-24yBKzPCEC4303 00104070aTATCLbTATCLcGENd2023-05-24l0o612.3812 SIVp6736r2023-05-24w2023-05-24yBKzPCEC4303 c6605d6605